000 01567nam a2200241Ia 4500
003 Ost
005 20260507075557.0
008 260507s9999||||xx |||||||||||||| ||und||
020 _a9775673488
040 _cfsecg
041 _aara
082 _a330
100 _aالعوضي، رفعت السيد
_eمؤلف
245 0 _aالاندماج والتحالفات الاستراتيجية بين الشركات في الدول العربية /
_c رفعت السيد العوضي
260 _aالقاهرة:
_bالمنظمة العربية للتنمية الادارية,
_c2005
300 _a406 صفحة؛
_bإيضاحات ؛
_c24 سم
504 _aمراجع ص.397
520 _aالبيئة الدولية المحفزة على الاندماج اضافة الى الاندماجبين الشركات الكبيرة في التطبيق و كذا الحجج المؤيدة لاندماج الشركات في العالم العربي, اندماج الشركات في البلاد العربية مع استراتيجية مقترحة, كذلك بناء التحالفات الاستراتيجية اضافة الى مزايا و عيوب التحالفات الاستراتيجية, الدول العربية و الاندماج و التحالفات الاستراتيجية و في الاخير نصائح للمديرين لتحقيق النجاح.
653 _aالتحالفات الاستراتيجية
653 _aالشركات - اندماج
700 _aبسيوني، اسماعيل علي
_eمؤلف ثانوي
942 _cكتاب
999 _c44977
_d44977